Statistics for Every Scrabble Letter Score

Click here to take the quiz!

General Stats

  • This quiz has been taken 31 times
  • The average score is 25 of 26

Answer Stats

HintAnswer% Correct
A1
100%
L1
96%
U1
96%
T1
96%
S1
96%
R1
96%
O1
96%
N1
96%
E1
96%
I1
96%
Q10
96%
D2
96%
G2
96%
M3
96%
B3
96%
P3
96%
C3
96%
W4
96%
V4
96%
F4
96%
H4
96%
K5
96%
J8
96%
X8
96%
Z10
92%
Y4
92%

Score Distribution

Percentile by Number Answered

Percent of People with Each Score

Your Score History

You have not taken this quiz